00309nam a2200133Ia 4500008004100000082001500041100001500056245002000071250000800091260003100099300000800130500002500138650001200163230524s9999 xx 000 0 und d a539.7bSHA aR.C.Sharma 0aNuclear Physics a5TH aNEW DELHIbKadarnathc2004 a606 aQuantity Number: 12 aPhysics